<?xml version="1.0" encoding="UTF-8"?>
<record
    xmlns:xsi="http://www.w3.org/2001/XMLSchema-instance"
    xsi:schemaLocation="http://www.loc.gov/MARC21/slim http://www.loc.gov/standards/marcxml/schema/MARC21slim.xsd"
    xmlns="http://www.loc.gov/MARC21/slim">

  <leader>00751nam a2200157Ia 4500</leader>
  <controlfield tag="008">120721s9999    xx            000 0 und d</controlfield>
  <datafield tag="020" ind1=" " ind2=" ">
    <subfield code="a">970-24-0193-3</subfield>
  </datafield>
  <datafield tag="050" ind1=" " ind2=" ">
    <subfield code="a">QA76.6 M364 c2001</subfield>
  </datafield>
  <datafield tag="100" ind1=" " ind2=" ">
    <subfield code="a">Alvarez Carbajal, Araceli Guadalupe</subfield>
  </datafield>
  <datafield tag="245" ind1=" " ind2=" ">
    <subfield code="a">Computaci&#xF3;n 1 : aplicaciones de escritorio y red / Araceli Guadalupe Alvarez Carbajal, Rosa Alicia Elizondo Callejas, Blanca Idalia Martinez Cavazos</subfield>
  </datafield>
  <datafield tag="260" ind1=" " ind2=" ">
    <subfield code="a">M&#xE9;xico : Grupo Patria Cultural : Universidad Aut&#xF3;noma de Nuevo Le&#xF3;n, c2001</subfield>
  </datafield>
  <datafield tag="300" ind1=" " ind2=" ">
    <subfield code="a">239 p. : il. ; 26 cm.</subfield>
  </datafield>
  <datafield tag="500" ind1=" " ind2=" ">
    <subfield code="a">M&#xF3;dulos I y III.-- Incluye apendice a y b</subfield>
  </datafield>
  <datafield tag="650" ind1=" " ind2=" ">
    <subfield code="a">1. Computaci&#xF3;n - Estudio y ense&#xF1;anza (Superior)</subfield>
  </datafield>
  <datafield tag="700" ind1=" " ind2=" ">
    <subfield code="a">I. Elizondo Callejas, Rosa Alicia, coaut. II. Martinez Cavazos, Blanca Idalia, coaut.&#xCC;</subfield>
  </datafield>
  <datafield tag="952" ind1=" " ind2=" ">
    <subfield code="0">0</subfield>
    <subfield code="1">0</subfield>
    <subfield code="4">0</subfield>
    <subfield code="7">0</subfield>
    <subfield code="a">08</subfield>
    <subfield code="b">08</subfield>
    <subfield code="d">2008-12-17</subfield>
    <subfield code="l">1</subfield>
    <subfield code="o">QA76.6 M364 C2001</subfield>
    <subfield code="p">08 000042</subfield>
    <subfield code="r">2017-05-03</subfield>
    <subfield code="s">2017-05-03</subfield>
    <subfield code="t">1</subfield>
    <subfield code="w">2012-07-20</subfield>
    <subfield code="y">LB</subfield>
  </datafield>
  <datafield tag="999" ind1=" " ind2=" ">
    <subfield code="c">81222</subfield>
    <subfield code="d">81222</subfield>
  </datafield>
</record>
